Memorias, informes y noticias dominicanas (Record no. 8041)

MARC details
000 -LEADER
campo de control de longitud fija 00364nam a2200145Ia 4500
001 - NÚMERO DE CONTROL
campo de control 2487
008 - DATOS DE LONGITUD FIJA--INFORMACIÓN GENERAL
campo de control de longitud fija 241024s9999 xx 000 0 und d
020 ## - NÚMERO INTERNACIONAL ESTÁNDAR DEL LIBRO
Número Internacional Estándar del Libro 978-9945-020-57-1
082 ## - NÚMERO DE LA CLASIFICACIÓN DECIMAL DEWEY
Número de clasificación RD/624.17/T464m
100 ## - ENTRADA PRINCIPAL--NOMBRE DE PERSONA
Nombre de persona H. Thomasset
245 #0 - MENCIÓN DEL TÍTULO
Título Memorias, informes y noticias dominicanas
260 ## - PUBLICACIÓN, DISTRIBUCIÓN, ETC.
Nombre del editor, distribuidor, etc. Búho
Fecha de publicación, distribución, etc. 2008
901 ## - ELEMENTOS DE DATOS A LOCAL LDA (RLIN)
a 19/9/2012 12:13:08 p.m.

No items available.

© 2024. Todos los Derechos Reservados. Desarrollado por IDEICE